000 007300000a22002290004500
003 LK-CoMWRAF
005 20230914113329.0
008 230817t ||||| |||| 00| 0 eng d
040 _aLK-CoMWRAF
_dLK-CoMWRAF
_eLK-CoMWRAF
041 _aeng
082 _a297.124
_bKHA
100 _aKhan, Muhammad Muhsin
245 _aThe Translation of the meanings of Sahih Al-Bukhari :
_bArabic-English
250 _a4th Edition
260 _aLahore :
_bKazi Publication,
_c1979
300 _a490p
490 _aVolume 9
500 _aThis covers blood money,apostates,ikrah,tricks, interpretation of dreams,afflictions, ahkam,wishes, truthful person etc.
650 _aIslamic 2nd Sourse
650 _aProphert's Hadis
942 _cBK
999 _c2758
_d2758